000 01131nam0a22002651 4500
001 rc\298227
005 20250621024327.0
035 _a(NLR Aleph) 005530655
090 _a5605698
_c5605698
100 _a20030307d1990 |||y0rusy50 ca
101 0 _arus
102 _aRU
105 _aa |||||||||
200 1 _aСогласователь интерфейсов ИУС ИРПС для сопряжения управляющего вычислительного комплекса СМ 1634 с группой весовых устройств
210 _aМ.
_cЦНИИатоминформ
_d1990
215 _a[1], 11 с.
_cсхем.
_d20
225 1 _aПрепринт
_fНИИ атом. реакторов им. В.И. Ленина
_vНИИАР-16 (799)
_iВычислительная техника и электроника
320 _aБиблиогр.: с. 11
700 1 _aЖмайло
_bС.А.
_gСергей Алексеевич
701 1 _aМарусев
_bВ.И.
_gВладимир Иванович
801 0 _aRU
_bNLR
_gpsbo
801 1 _aRU
_bELAR
_2rusmarc
852 _aNLR
_j90-4/10489
942 _cBOOK
980 _aNB